Dharatī pyāsī hai. (Record no. 86500)

MARC details
000 -LEADER
fixed length control field 00514cam a22002171 4500
001 - CONTROL NUMBER
control field sa 68015527
003 - CONTROL NUMBER IDENTIFIER
control field DLC
005 - DATE AND TIME OF LATEST TRANSACTION
control field 20260227112644.0
008 - FIXED-LENGTH DATA ELEMENTS--GENERAL INFORMATION
fixed length control field 890721s1968 ii 000 0 hino
010 ## - LIBRARY OF CONGRESS CONTROL NUMBER
LC control number sa 68015527
035 ## - SYSTEM CONTROL NUMBER
System control number (OCoLC)20053216
040 ## - CATALOGING SOURCE
Original cataloging agency DLC
Transcribing agency WaU
Modifying agency DLC
042 ## - AUTHENTICATION CODE
Authentication code premarc
050 00 - LIBRARY OF CONGRESS CALL NUMBER
Classification number PK2098.19.I9
Item number D5
100 1# - MAIN ENTRY--PERSONAL NAME
Personal name Divākara, Ballabheśa,
Dates associated with a name 1932-
245 10 - TITLE STATEMENT
Title Dharatī pyāsī hai.
260 ## - PUBLICATION, DISTRIBUTION, ETC.
Date of publication, distribution, etc. [1968]
300 ## - PHYSICAL DESCRIPTION
Extent 100 p.
Dimensions 23 cm.
500 ## - GENERAL NOTE
General note In Hindi.
500 ## - GENERAL NOTE
General note Poems.

No items available.

Powered by Koha